| 000 | 01271cam a2200373 a 4500 | ||
|---|---|---|---|
| 003 | URS | ||
| 005 | 20230307111402.0 | ||
| 008 | 870421s1988 maua b 001 0 eng | ||
| 020 | _a0669134236 (pbk.) | ||
| 040 |
_aDLC _cDLC _dDLC |
||
| 043 | _ae-uk--- | ||
| 050 | 0 | 0 |
_aDA 30 _b.H652 1988 |
| 100 | 1 |
_aWillcox, William B., _d1907-1985. |
|
| 245 | 1 | 4 |
_aThe age of aristocracy, 1688 to 1830 / _cWilliam B. Willcox, Walter L. Arnstein. |
| 250 | _a5th ed. | ||
| 260 |
_aLexington, Mass. : _bD.C. Heath, _cc1988. |
||
| 300 |
_axii, 338 p. : _bill. ; _c24 cm. |
||
| 336 |
_2rdacontent _atext |
||
| 337 |
_2rdamedia _aunmediated |
||
| 338 |
_2rdacarrier _avolume |
||
| 490 | 1 |
_aA History of England ; _v3 |
|
| 500 | _aIncludes index. | ||
| 504 | _aBibliography: p. 317-329. | ||
| 650 | 0 |
_aNobility _zGreat Britain _xHistory. |
|
| 651 | 0 |
_aGreat Britain _xHistory _y18th century. |
|
| 651 | 0 |
_aGreat Britain _xHistory _y1800-1837. |
|
| 651 | 0 |
_aGreat Britain _xHistory _y1689-1714. |
|
| 700 | 1 | _aArnstein, Walter L. | |
| 830 | 0 |
_aHistory of England (D.C. Heath and Company : Fifth edition) ; _v3. |
|
| 906 |
_a7 _bcbc _corignew _d2 _eopcn _f19 _gy-gencatlg |
||
| 942 |
_2lcc _cFR |
||
| 999 |
_c68502 _d68502 |
||